Catalog

Record Details

Catalog Search



Betting on you  Cover Image Book Book

Betting on you / Lynn Painter.

Painter, Lynn, (author.).

Summary:

"When seventeen-year-old Bailey starts a new job at a hotel waterpark, she is less than thrilled to see an old acquaintance is one of her coworkers. Bailey met Charlie a year ago on the long flight to Omaha, where she moved after her parents' divorce. Charlie's cynicism didn't mix well with Bailey's carefully well-behaved temperament, and his endless commentary was the irritating cherry on top of an already emotionally fraught trip. Now, Bailey and Charlie are still polar opposites, but instead of everything about him rubbing Bailey the wrong way, she starts to look forward to hanging out and gossiping about the waterpark guests and their coworkers--particularly two who keep flirting with each other. Bailey and Charlie make a bet on whether or not the cozy pair will actually get together. Charlie insists that members of the opposite sex can't just be friends, and Bailey is determined to prove him wrong. Bailey and Charlie keep close track of the romantic progress of others while Charlie works to deflect the growing feelings he's developed for Bailey. Terrified to lose her if his crush becomes known, what doesn't help his agenda is Bailey and Charlie "fake dating" in order to disrupt the annoying pleasantries between Bailey's mom and her mom's new boyfriend. Soon, what Charlie was hoping to avoid becomes a reality as Bailey starts to see him as not only a friend she can rely on in the midst of family drama--but someone who makes her hands shake and heart race. But Charlie has a secret--a secret that involves Bailey and another bet Charlie may have made. Can the two make a real go of things...or has Charlie's secret doomed them before they could start?" -- Page [2] of cover.

Record details

  • ISBN: 9781665921237
  • ISBN: 1665921234
  • ISBN: 9781665921244
  • ISBN: 1665921242
  • Physical Description: 425 pages : illustration ; 22 cm
  • Edition: First edition.
  • Publisher: New York : Simon & Schuster BFYR, [2023]

Content descriptions

Target Audience Note:
Ages 14 up. Simon & Schuster Books for Young Readers.
Subject: Interpersonal relations > Juvenile fiction.
Friendship > Juvenile fiction.
Wagers > Juvenile fiction.
Occupations > Juvenile fiction.
High school students > Fiction.
Gambling > Juvenile fiction.
Omaha (Neb.) > Fiction.
Occupations > Juvenile fiction.
Genre: Romance fiction.
Novels.

Available copies

  • 1 of 1 copy available at scottsboropl.

Holds

  • 0 current holds with 1 total copy.
Show Only Available Copies
Location Call Number / Copy Notes Barcode Shelving Location Status Due Date
scottsboropl YA Pai 32269001245896 Young Adult - Fiction Available -

LDR 05116cam a22008658i 4500
001162613
003SBPL
00520240207155701.0
008230512t20232023nyua d 000 1 eng
010 . ‡a 2023003497
020 . ‡a9781665921237 ‡q(hardcover)
020 . ‡a1665921234 ‡q(hardcover)
020 . ‡a9781665921244 ‡q(paperback)
020 . ‡a1665921242 ‡q(paperback)
035 . ‡a(OCoLC)1369679931
05000. ‡aPZ7.1.P352 ‡bBd 2023
08200. ‡a[Fic] ‡223
1001 . ‡aPainter, Lynn, ‡eauthor.
24510. ‡aBetting on you / ‡cLynn Painter.
250 . ‡aFirst edition.
264 1. ‡aNew York : ‡bSimon & Schuster BFYR, ‡c[2023]
300 . ‡a425 pages : ‡billustration ; ‡c22 cm
336 . ‡atext ‡btxt ‡2rdacontent
337 . ‡aunmediated ‡bn ‡2rdamedia
338 . ‡avolume ‡bnc ‡2rdacarrier
5211 . ‡aAges 14 up. ‡bSimon & Schuster Books for Young Readers.
520 . ‡a"When seventeen-year-old Bailey starts a new job at a hotel waterpark, she is less than thrilled to see an old acquaintance is one of her coworkers. Bailey met Charlie a year ago on the long flight to Omaha, where she moved after her parents' divorce. Charlie's cynicism didn't mix well with Bailey's carefully well-behaved temperament, and his endless commentary was the irritating cherry on top of an already emotionally fraught trip. Now, Bailey and Charlie are still polar opposites, but instead of everything about him rubbing Bailey the wrong way, she starts to look forward to hanging out and gossiping about the waterpark guests and their coworkers--particularly two who keep flirting with each other. Bailey and Charlie make a bet on whether or not the cozy pair will actually get together. Charlie insists that members of the opposite sex can't just be friends, and Bailey is determined to prove him wrong. Bailey and Charlie keep close track of the romantic progress of others while Charlie works to deflect the growing feelings he's developed for Bailey. Terrified to lose her if his crush becomes known, what doesn't help his agenda is Bailey and Charlie "fake dating" in order to disrupt the annoying pleasantries between Bailey's mom and her mom's new boyfriend. Soon, what Charlie was hoping to avoid becomes a reality as Bailey starts to see him as not only a friend she can rely on in the midst of family drama--but someone who makes her hands shake and heart race. But Charlie has a secret--a secret that involves Bailey and another bet Charlie may have made. Can the two make a real go of things...or has Charlie's secret doomed them before they could start?" -- ‡cPage [2] of cover.
650 0. ‡aInterpersonal relations ‡vJuvenile fiction.
650 0. ‡aFriendship ‡vJuvenile fiction.
650 0. ‡aWagers ‡vJuvenile fiction.
650 0. ‡aOccupations ‡vJuvenile fiction.
650 0. ‡aHigh school students ‡vFiction.
650 0. ‡aGambling ‡vJuvenile fiction. ‡2sears
651 0. ‡aOmaha (Neb.) ‡vFiction.
650 7. ‡aOccupations ‡vJuvenile fiction. ‡2sears
655 7. ‡aRomance fiction. ‡2lcgft
655 7. ‡aNovels. ‡2lcgft
901 . ‡a162613 ‡bAUTOGEN ‡c162613 ‡tbiblio

Additional Resources